[Event "British Columbia-ch U20"]
[Site "Vancouver"]
[Date "2018.11.12"]
[Round "4.7"]
[White "Wu, Nathan Ping Ying"]
[Black "Leong, Ryan"]
[Result "0-1"]
[WhiteElo "1429"]
[BlackElo "1771"]
[PlyCount "108"]
[EventDate "2018.11.10"]
[EventType "swiss"]
[EventRounds "5"]
[EventCountry "CAN"]
[SourceTitle "EXT 2022"]
[Source "ChessBase"]
[SourceDate "2021.10.06"]
[SourceVersion "1"]
[SourceVersionDate "2021.10.06"]
[SourceQuality "1"]

1. d4 d5 2. Bf4 Nf6 3. e3 e6 4. Nd2 c5 5. c3 Nc6 6. Ngf3 Be7 7. Bd3 Qb6 8. Rb1 c4 9. Bc2 Nh5 10. Bg3 Nxg3 11. hxg3 h6 12. 0-0 f5 13. Nh4 Bxh4 14. Qh5+ Ke7 15. Qxh4+ g5 16. Qh5 Bd7 17. Qe2 h5 18. Nf3 Rag8 19. Ne5 Nxe5 20. dxe5 g4 21. f3 h4 22. fxg4 Rxg4 23. gxh4 Rhxh4 24. Kf2 Rh2 25. Rg1 Bc6 26. Ke1 Rg3 27. Kd2 d4 28. Qxc4 dxe3+ 29. Ke1 e2 30. Qb4+ Qxb4 31. cxb4 Rgxg2 32. Rxg2 Bxg2 33. Bd3 f4 34. Rc1 Rh1+ 35. Kxe2 Rxc1 36. Kd2 Rh1 37. a4 Bf3 38. b5 Rd1+ 39. Kc3 Bd5 40. a5 f3 41. b6 axb6 42. axb6 f2 43. Bb5 Rc1+ 44. Kd2 Rc5 45. Bf1 Bc4 46. Bg2 Rxe5 47. Kc3 f1Q 48. Bxf1 Bxf1 49. Kd4 Rb5 50. Kc3 Rxb6 51. b4 e5 52. Kb3 e4 53. Ka4 e3 54. Ka5 Ra6# 0-1

[Event "British Columbia-ch U20"]
[Site "Vancouver"]
[Date "2018.11.10"]
[Round "2.6"]
[White "Chung, Alec"]
[Black "Leong, Ryan"]
[Result "1/2-1/2"]
[WhiteElo "1807"]
[BlackElo "1771"]
[PlyCount "42"]
[EventDate "2018.11.10"]
[EventType "swiss"]
[EventRounds "5"]
[EventCountry "CAN"]
[SourceTitle "EXT 2022"]
[Source "ChessBase"]
[SourceDate "2021.10.06"]
[SourceVersion "1"]
[SourceVersionDate "2021.10.06"]
[SourceQuality "1"]

1. c4 Nf6 2. Nc3 g6 3. e4 d6 4. g3 Bg7 5. Bg2 0-0 6. Nge2 Nc6 7. d3 e5 8. h3 Be6 9. 0-0 Qd7 10. Kh2 Nh5 11. g4 Nf6 12. f4 exf4 13. Nxf4 Nd4 14. Nfd5 Bxd5 15. exd5 Rfe8 16. Bg5 Qe7 17. Ne4 Qe5+ 18. Bf4 Qe7 19. Bg5 Qe5+ 20. Bf4 Qe7 21. Bg5 Qe5+ 1/2-1/2

[Event "U20 2Inspire-ch"]
[Site "Richmond"]
[Date "2018.01.27"]
[Round "3.2"]
[White "Xu, Andrew"]
[Black "Leong, Ryan"]
[Result "0-1"]
[WhiteElo "1453"]
[BlackElo "1554"]
[PlyCount "86"]
[EventDate "2018.01.26"]
[EventType "swiss"]
[EventRounds "5"]
[EventCountry "CAN"]
[SourceTitle "EXT 2022"]
[Source "ChessBase"]
[SourceDate "2021.10.06"]
[SourceVersion "1"]
[SourceVersionDate "2021.10.06"]
[SourceQuality "1"]

1. e4 c5 2. Nf3 d6 3. Bb5+ Bd7 4. Bxd7+ Qxd7 5. c4 Nc6 6. Nc3 g6 7. 0-0 Bg7 8. Re1 e6 9. h3 Nge7 10. d3 0-0 11. Be3 Nd4 12. Rc1 Nec6 13. a3 f5 14. Bxd4 Nxd4 15. Nxd4 Bxd4 16. exf5 Rxf5 17. Re2 Raf8 18. Rcc2 d5 19. Qe1 a6 20. b4 b5 21. cxb5 axb5 22. Na2 c4 23. dxc4 bxc4 24. Nc3 e5 25. b5 Bc5 26. Nd1 e4 27. Qa5 Qd6 28. a4 e3 29. Nxe3 Bxe3 30. Rxe3 d4 31. Re1 d3 32. Rd2 Qd4 33. Re3 Rxf2 34. Rxf2 Qxe3 35. Qd2 Qxd2 36. Rxd2 Rd8 37. Kf2 c3 38. Ke3 c2 39. b6 c1Q 40. b7 Qe1+ 41. Kf3 Qxd2 42. Kg3 g5 43. a5 Qf4# 0-1

[Event "British Columbia-ch U20"]
[Site "Richmond"]
[Date "2016.11.11"]
[Round "1.5"]
[White "Su, Michael"]
[Black "Leong, Ryan"]
[Result "1-0"]
[WhiteElo "1972"]
[BlackElo "1615"]
[PlyCount "83"]
[EventDate "2016.11.11"]
[EventType "swiss"]
[EventRounds "5"]
[EventCountry "CAN"]
[SourceTitle "EXT 2022"]
[Source "ChessBase"]
[SourceDate "2021.10.06"]
[SourceVersion "1"]
[SourceVersionDate "2021.10.06"]
[SourceQuality "1"]

1. d4 Nf6 2. c4 g6 3. Nc3 Bg7 4. e4 d6 5. f3 0-0 6. Be3 c5 7. Nge2 Nc6 8. d5 Ne5 9. Ng3 h5 10. Be2 h4 11. Nf1 e6 12. Nd2 exd5 13. cxd5 a6 14. a4 Rb8 15. 0-0 Bd7 16. h3 b5 17. f4 Nc4 18. Bxc4 bxc4 19. Nxc4 Qe7 20. e5 dxe5 21. fxe5 Nh5 22. Ne4 Rfc8 23. Bxc5 Rxc5 24. d6 Qe6 25. Nxc5 Qxc4 26. Nxd7 Rxb2 27. Rc1 Qa2 28. Qg4 Ng3 29. Rc8+ Bf8 30. Rxf8+ Kg7 31. R1xf7+ Qxf7 32. Rxf7+ Kxf7 33. e6+ Kg7 34. Qd4+ Kh6 35. Qxb2 a5 36. Qf6 Ne4 37. Qxh4+ Kg7 38. Qxe4 g5 39. Qf5 g4 40. Qf6+ Kh7 41. Nf8+ Kg8 42. Qf7+ 1-0

[Event "CAN-ch U14"]
[Site "Windsor"]
[Date "2016.07.07"]
[Round "4.32"]
[White "Leong, Ryan"]
[Black "Atanasov, David"]
[Result "1-0"]
[WhiteElo "1616"]
[BlackElo "1467"]
[PlyCount "75"]
[EventDate "2016.07.05"]
[EventType "swiss"]
[EventRounds "7"]
[EventCountry "CAN"]
[SourceTitle "EXT 2022"]
[Source "ChessBase"]
[SourceDate "2021.10.06"]
[SourceVersion "1"]
[SourceVersionDate "2021.10.06"]
[SourceQuality "1"]

1. c4 f5 2. Nc3 Nf6 3. Nf3 g6 4. e3 Bg7 5. Be2 d6 6. d4 0-0 7. Bd2 c6 8. Qc2 Qe8 9. 0-0-0 e5 10. h4 Ng4 11. Rdf1 Be6 12. Ng5 exd4 13. exd4 Bxd4 14. Bxg4 fxg4 15. h5 Bf5 16. Qb3 Qe7 17. c5+ Kg7 18. Re1 Qd7 19. cxd6 Bf6 20. hxg6 Kxg6 21. Nxh7 Qxd6 22. Nxf8+ Qxf8 23. Rh6+ Kg7 24. Qxb7+ Nd7 25. Rh5 Qc5 26. Qxd7+ Bxd7 27. Rxc5 Re8 28. Rxe8 Bxe8 29. Ne4 Be7 30. Ra5 c5 31. Rxa7 Kg8 32. Rxe7 g3 33. Nxg3 Kf8 34. Nf5 Bg6 35. Bh6+ Kg8 36. Rg7+ Kh8 37. Ne7 c4 38. Nxg6# 1-0